[Event "18th Delhi GM Open 2020"]
[Site "Delhi"]
[Date "2020.01.11"]
[Round "4.13"]
[White "Das, Sayantan"]
[Black "Ghosh, Diptayan"]
[Result "1/2-1/2"]
[WhiteElo "2424"]
[BlackElo "2550"]
[Annotator "TA"]
[PlyCount "90"]
[EventDate "2020.01.09"]
[EventType "swiss"]
[EventCountry "IND"]
[SourceTitle "playchess.com"]
[Source "ChessBase"]
[SourceQuality "1"]

{[%evp 10,90,13,16,31,31,27,20,31,22,37,17,31,8,27,0,0,0,8,5,22,5,14,0,30,-37,-37,-30,-36,-33,-21,-24,-21,-39,-37,-50,-48,-55,-20,-58,-44,-52,-59,-53,-52,-46,-46,-46,-44,-50,-50,-50,-47,-62,-62,-60,-58,-50,-27,-33,-30,-32,-23,-20,-19,-20,-19,-19,-19,-19,-5,-17,0,-26,-7,-14,-14,-14,-7,-7,-7,-10,-6]} 1. e4 c6 2. d4 d5 3. exd5 cxd5 4. Bd3 Nc6 5. c3 Qc7 6. h3 e6 {B13: Caro-Kann: Exchange Variation and Panov-Botvinnik Attack} (6... g6 7. Ne2 Bf5 8. Bxf5 gxf5 9. Bf4 Qd7 10. Nd2 e6 11. g4 Nge7 12. Ng3 O-O-O 13. gxf5 Nxf5 14. Nxf5 exf5 15. Qf3 Re8+ 16. Kd1 Re6 17. Kc2 Ne7 18. Rhe1 Ng6 19. Rxe6 fxe6 {½-½ (19) Dominguez Perez,L (2758)-Mamedyarov,S (2772) Moscow 2019}) 7. Nf3 Bd6 8. O-O Nge7 9. Re1 O-O 10. Nbd2 {[%cal Bb1d2,Bd2f1,Bf1e3,Be3g4][%mdl 32]} Bd7 11. Nf1 Ng6 12. Ng5 $146 {Hoping for Qh5.} ({Predecessor:} 12. h4 Rad8 13. h5 Nf4 14. h6 Nxd3 15. hxg7 Nxe1 16. gxf8=Q+ Bxf8 17. Qxe1 {½-½ (61) Yudin,S (2497)-Yuffa,D (2577) Sochi 2019}) 12... Nce7 $1 13. Ne3 h6 14. Nf3 Rae8 15. Ng4 f6 16. Qc2 Nf5 17. c4 (17. Ne3 $11) 17... dxc4 $15 18. Qxc4 Qxc4 19. Bxc4 Kf7 20. Ne3 Nge7 21. Bd2 Rc8 {[#] aiming for ...Nxe3.} 22. Bb3 Nxe3 23. fxe3 Bb5 (23... Bg3 $5 {[%cal Rg3e1]} 24. Rec1 Bc6 $15) 24. Rac1 Bg3 25. Rxc8 Rxc8 26. Rc1 Rxc1+ 27. Bxc1 Bd3 28. Bd2 Nf5 29. Be1 Bd6 30. Bf2 Ng3 31. Bxg3 Bxg3 {[%mdl 4096] Endgame KBB-KBN} 32. Nd2 b5 33. a4 a6 34. axb5 axb5 35. Ba2 Be1 36. Nf3 $1 {[%cal Rf3e1]} Bb4 37. Kf2 Ke7 38. Bb3 Kd6 39. Bd1 Kd5 40. Bb3+ Kd6 41. Bd1 e5 42. dxe5+ {The position is equal.} fxe5 43. Be2 Bxe2 44. Kxe2 Kd5 45. b3 Ke4 {Accuracy: White = 54%, Black = 53%.} 1/2-1/2

[Event "18th Delhi GM Open 2020"]
[Site "Delhi"]
[Date "2020.01.11"]
[Round "4.14"]
[White "Debashis, Das"]
[Black "Sammed Jaykumar, Shete"]
[Result "1/2-1/2"]
[WhiteElo "2523"]
[BlackElo "2398"]
[Annotator "TA"]
[PlyCount "52"]
[EventDate "2020.01.09"]
[EventType "swiss"]
[EventCountry "IND"]
[SourceTitle "playchess.com"]
[Source "ChessBase"]
[SourceQuality "1"]

{[%evp 17,52,0,32,0,5,10,12,15,29,13,13,16,17,16,37,24,37,42,44,16,15,16,10,3,15,3,13,9,14,0,16,0,10,0,14,0,25]} 1. Nf3 d5 2. d4 Nf6 3. c4 e6 4. Bg5 Be7 5. Nc3 h6 6. Bxf6 Bxf6 7. e3 O-O 8. Qc2 c5 9. dxc5 Qa5 10. Be2 {D55: Queen's Gambit Declined: 4 Bg5 Be7: Lines without ...h6 and 6...h6 7 Bxf6} (10. cxd5 {seems wilder.} exd5 11. O-O-O Bxc3 12. Qxc3 Qxa2 13. Kd2) (10. cxd5 exd5 11. Be2 Nc6 12. O-O Qxc5 13. Rac1 Qa5 14. Qb3 Ne7 15. Rfd1 Be6 16. Nd4 Bxd4 17. Rxd4 Nc6 18. Ra4 Qc5 19. Qb5 Qxb5 20. Bxb5 Rfc8 21. Bxc6 bxc6 {½-½ (45) Xu,Y (2523)-Andreikin,D (2736) China 2016}) 10... dxc4 11. O-O Bxc3 12. Qxc3 Qxc5 $146 ({Predecessor:} 12... Qxc3 13. bxc3 Nd7 14. c6 bxc6 15. Bxc4 c5 16. Rfd1 Rb8 17. Bb3 Nf6 {½-½ (30) Dargagnon,R (2079)-Jeanjean,D (2140) Pau 2008}) 13. Qxc4 Qxc4 14. Bxc4 Bd7 15. Ne5 Rc8 16. Rfc1 Kf8 17. Be2 Ke7 18. Rxc8 (18. Bh5 {feels hotter.} Rxc1+ 19. Rxc1 f6 20. Bf3 Nc6 21. Bxc6 fxe5 22. Be4) 18... Bxc8 {The position is equal.} 19. Rc1 Nd7 20. Nd3 (20. Nf3 {keeps more tension.} Rb8 21. Nd4 Nb6 22. f4 Bd7 23. Bf3) 20... a5 21. f4 $36 {[%mdl 2048] White has good play.} Kd8 22. Nf2 Nf6 23. Nd3 Nd7 24. Nf2 Nf6 25. Nd3 Nd7 26. Nf2 Nf6 {Accuracy: White = 17%, Black = 60%.} 1/2-1/2

[Event "18th Delhi GM Open 2020"]
[Site "Delhi"]
[Date "2020.01.11"]
[Round "4.15"]
[White "Stupak, Kirill"]
[Black "Choudhary, Jitendra Kumar"]
[Result "1-0"]
[WhiteElo "2506"]
[BlackElo "1905"]
[Annotator "TA"]
[PlyCount "53"]
[EventDate "2020.01.09"]
[EventType "swiss"]
[EventCountry "IND"]
[SourceTitle "playchess.com"]
[Source "ChessBase"]
[SourceQuality "1"]

{[%evp 9,53,28,35,33,35,44,81,90,106,97,122,124,171,170,193,161,180,136,162,139,648,615,895,895,859,866,837,828,962,948,791,898,865,783,1323,1310,1875,1911,1814,1320,1272,1238,29993,29994,29994,29995]} 1. g3 e5 2. c4 Nf6 3. Bg2 h6 4. Nc3 c6 (4... Bb4 5. e4 d6 6. Nge2 Nc6 7. h3 Bc5 8. a3 a6 9. d3 Nd4 10. b4 Ba7 11. Be3 O-O 12. O-O {1-0 (41) Svidler,P (2751)-Erdos,V (2628) Tbilisi 2017}) 5. d4 exd4 6. Qxd4 {A20: English Opening: 1...e5} Bb4 7. Nf3 $146 ({Predecessor:} 7. Bd2 O-O 8. a3 Be7 9. Nf3 Na6 10. Bf4 Qb6 11. Qxb6 axb6 {½-½ (31) Jensen,S (1803)-Brown,T (1557) Crawley 2016}) 7... d5 8. cxd5 {White is better.} Bxc3+ 9. Qxc3 Qxd5 10. O-O Qh5 {[#]} 11. Qa3 $1 Bh3 12. Bf4 Nbd7 13. Bd6 Nb6 14. Rac1 Nfd5 $2 {[%mdl 8192]} (14... Ne4 $16 15. Bxh3 Qxh3) 15. e4 $18 Be6 16. exd5 Qxd5 17. b3 Rd8 18. Rfd1 Qh5 19. Bc7 {[%csl Gc7][%cal Rd1d8]} Rxd1+ 20. Rxd1 {[%csl Gc7][%cal Rd1d8]} Nd7 21. Qd6 Qg4 22. Ne5 Qf5 23. Nxd7 {Threatening mate with Nc5.} f6 24. Be4 {[%mdl 64] Deflection, Decoy} Qxe4 {[#]} 25. Nc5 $1 {[%mdl 64] Double Attack} Qf5 26. Nxe6 {[%csl Gd1][%cal Rd6d7]} Kf7 27. Qd7+ {Accuracy: White = 91%, Black = 24%.} 1-0

[Event "18th Delhi GM Open 2020"]
[Site "Delhi"]
[Date "2020.01.11"]
[Round "4.16"]
[White "Kaczur, Florian"]
[Black "Shaik Sumer Arsh"]
[Result "1-0"]
[WhiteElo "2485"]
[BlackElo "1861"]
[Annotator "TA"]
[PlyCount "65"]
[EventDate "2020.01.09"]
[EventType "swiss"]
[EventCountry "IND"]
[SourceTitle "playchess.com"]
[Source "ChessBase"]
[SourceQuality "1"]

{[%evp 14,85,22,14,37,40,47,15,22,0,3,0,31,1,39,27,46,37,40,32,52,56,70,24,97,47,124,154,192,170,201,194,188,173,169,116,297,135,263,175,274,278,387,409,570,557,1762,842,3596,595,5843,5402,3622,2450,1802,1780,2376,1853,973,829,29978,29979,29979,29980,29980,29981,29981,29982,29982,29983,29982,29978,29982,29980]} 1. e4 c5 2. Nf3 d6 3. Nc3 Nf6 4. d4 cxd4 5. Nxd4 Nc6 6. f3 e5 7. Nb3 Be6 8. Nd5 Bxd5 {B56: Classical Sicilian: Unusual Lines} (8... Be7 {seems wilder.} 9. Be3 O-O 10. c3 Bxd5 11. exd5 Na5) (8... Be7 9. c4 O-O 10. Be3 a5 11. Qd2 a4 12. Nc1 Nd7 13. Ne2 f5 14. exf5 Bxf5 15. Nec3 Nc5 16. Be2 {½-½ (77) Dominguez Perez,L (2739)-Gareyev,T (2557) Saint Louis 2019}) 9. exd5 Ne7 10. c4 (10. Bg5 $5 {[%cal Rg5f6]} Nd7 11. c4 $14) 10... g6 {The position is equal.} 11. Bg5 Bg7 12. Bd3 $146 ({Predecessor:} 12. Qd2 a5 13. Qc3 O-O 14. Nd2 Rc8 15. Qe3 Nf5 16. Bxf6 Qxf6 {0-1 (23) Speksnijder,B-Van Hoorn,F (1817) Rotterdam 2015}) 12... h6 13. Be3 O-O (13... b5 {keeps more tension.} 14. Bf2 bxc4 15. Bxc4 O-O 16. O-O a5) 14. a4 Nf5 15. Bxf5 gxf5 16. O-O f4 17. Bf2 Nh5 18. c5 Rc8 (18... Nf6 $11 {keeps the balance.}) 19. Qd3 f5 (19... Nf6 $14) 20. Rac1 Qg5 21. cxd6 {Black must now prevent Rxc8.} e4 22. fxe4 fxe4 23. Qxe4 f3 {[%csl Gf3][%cal Rg5g2] [#]} 24. g3 (24. Qe6+ $1 $18 Kh8 25. g3) 24... Rxc1 $2 (24... Rce8 $16 25. Qc4 Nf4) 25. Nxc1 (25. Rxc1 $18 {has better winning chances.} Be5 26. Rc7) 25... Nf4 (25... Be5 $16) 26. Nd3 {[%cal Rd3f4]} Nxd3 (26... Nh3+ $142 27. Kh1 Qd2) 27. Qxd3 $18 Be5 28. d7 Qg4 29. Re1 Bc7 30. Re6 (30. d6 $142 Bd8 {[#]} 31. Re7 $1 {[%mdl 576] Promotion}) 30... Rf5 31. Qc3 (31. Re8+ $142 Rf8 32. d6 Qxd7 33. Qg6+ {[%mdl 64] Double Attack} Qg7 34. Rxf8+ Kxf8 35. Qxg7+ Kxg7 36. dxc7) 31... Bd8 32. Re8+ {[%mdl 64] Double Attack} Rf8 33. Qc5 {Played: Re8xf8} 1-0

[Event "18th Delhi GM Open 2020"]
[Site "Delhi"]
[Date "2020.01.11"]
[Round "4.17"]
[White "Nigmatov, Ortik"]
[Black "Krishna Bajaj"]
[Result "1-0"]
[WhiteElo "2467"]
[BlackElo "1623"]
[Annotator "TA"]
[PlyCount "85"]
[EventDate "2020.01.09"]
[EventType "swiss"]
[EventCountry "IND"]
[SourceTitle "playchess.com"]
[Source "ChessBase"]
[SourceQuality "1"]

{[%evp 13,85,-2,0,-20,-4,-23,23,23,68,10,61,67,65,69,81,59,91,44,65,0,25,-21,66,58,123,110,147,144,138,143,133,129,138,109,185,182,166,104,212,100,93,83,97,92,98,85,119,49,47,16,197,184,181,180,161,161,160,173,368,116,568,558,586,564,527,514,801,761,29987,29988,29989,29990,29992,29993]} 1. e4 c5 2. Nf3 d6 3. d4 cxd4 4. Nxd4 Nf6 5. Nc3 a6 6. Bg5 e6 7. Qe2 Be7 8. h4 {B95: Sicilian Najdorf: 6 Bg5 e6, unusual White 7th moves} (8. f4 h6 9. Bxf6 Bxf6 10. O-O-O Qc7 11. Qd2 Bd7 12. Kb1 b5 13. g4 b4 14. Nce2 Nc6 15. Nf3 Be7 16. h4 a5 {½-½ (48) Jobava,B (2669)-Yilmaz,M (2622) Izmir 2016}) 8... h6 9. Bd2 Qb6 10. Nb3 {White has an edge.} Nbd7 $146 ({Predecessor:} 10... Qc7 11. g4 Nc6 12. f4 b5 13. Bg2 b4 14. Nd1 a5 15. g5 Nd7 {1-0 (57) Bakre,T (2464)-Sriram,J (2448) Mumbai 2003}) 11. O-O-O (11. g4 $14) 11... Qc7 (11... h5 $11) 12. g4 $14 Ne5 13. Rg1 b5 {Black wants to play ...b4.} 14. a3 Bd7 15. Be1 Rc8 16. Nd4 (16. Kb1 $14) 16... Qb6 17. Rg3 Nh7 (17... g5 $11) 18. f4 Nc4 (18... Ng6 $14) 19. g5 $16 Nf8 20. f5 hxg5 21. hxg5 g6 22. Qf2 {Threatens to win with Bxc4.} Qc5 23. b4 Qc7 (23... Qb6 $16) 24. Bxc4 $1 $18 Qxc4 25. Kb2 (25. f6 $18 Bd8 26. Nb3) 25... Rh5 {[#]} (25... Rh1 $16 {keeps fighting.}) 26. Nce2 (26. Ncxb5 $1 $18 {[%mdl 512] is more deadly.} axb5 27. Rc3) 26... Qc7 $16 27. f6 Bd8 28. Nf4 ({But not} 28. Rc3 $6 Qb6 $11) 28... Rh8 29. Nb3 ({Don't play} 29. Rc3 $6 Qb6 $11) 29... Bc6 30. Rc3 $40 {[%mdl 128] White mounts an attack.} ({Better is} 30. Rgd3 $16) 30... Qb8 $1 $14 31. Qe2 Nd7 $2 (31... e5 $1 $11 {and Black stays safe.} 32. Nd5 Nd7) 32. Nd4 $1 $18 Ne5 33. Nxc6 Rxc6 34. Rxc6 Nxc6 {[#]} 35. Bc3 $1 {Nxe6! is the strong threat.} Rh7 $2 {[#]} (35... Bc7 36. Qf3 e5) 36. Qg2 $2 (36. Qg4 $1 $18 {is the precise move to win.} Kd7 37. e5) 36... Ne5 $2 {[%mdl 8192]} (36... e5 $16) 37. Bxe5 $1 dxe5 38. Qd2 {Qd7+ would kill now.} Qc8 39. Nd3 Rh5 (39... Qd7 $142 40. Qe2 (40. Nxe5 Qxd2 41. Rxd2 Bc7 $14) 40... Bb6) 40. Nxe5 Bc7 41. Nc6 {White mates.} Rh2 42. Qd4 a5 43. Qc5 {Accuracy: White = 46%, Black = 18%.} 1-0

[Event "18th Delhi GM Open 2020"]
[Site "Delhi"]
[Date "2020.01.11"]
[Round "4.18"]
[White "Sanchit, Anand"]
[Black "Nguyen, Van Huy"]
[Result "0-1"]
[WhiteElo "1836"]
[BlackElo "2463"]
[Annotator "TA"]
[PlyCount "134"]
[EventDate "2020.01.09"]
[EventType "swiss"]
[EventCountry "IND"]
[SourceTitle "playchess.com"]
[Source "ChessBase"]
[SourceQuality "1"]

{[%evp 22,134,22,0,2,5,0,0,0,0,0,0,0,-10,-9,-20,-15,-22,-24,-22,-17,-24,-27,-35,-33,-42,-25,-18,-22,-25,-18,-25,-25,-25,-25,-25,-25,-27,-12,-34,-16,-39,-37,-33,-34,-71,-75,-125,-120,-130,-139,-129,-136,-165,-158,-158,-158,-158,-158,-158,-158,-157,-141,-125,-124,-124,-132,-131,-124,-185,-200,-182,-186,-251,-251,-242,-241,-233,-236,-351,-337,-365,-358,-360,-322,-287,-279,-887,-799,-1118,-1102,-1015,-731,-1134,-1109,-1094,-1067,-932,-856,-849,-841,-827,-827,-816,-676,-665,-650,-635,-588,-5804,-5544,-5804,-5544,-4614,-2249]} 1. e4 c6 2. Nc3 d5 3. d4 dxe4 4. Nxe4 Bf5 5. Ng3 Bg6 6. Nf3 e6 7. h4 h6 8. h5 Bh7 9. Bd3 Bxd3 10. Qxd3 Nf6 11. Bd2 c5 12. O-O-O Nc6 {[%cal Rc5d4] B19: Classical Caro-Kann: 4...Bf5 main line} 13. Bc3 Qd5 14. dxc5 Qxd3 {The position is equal.} 15. Rxd3 Bxc5 16. Bxf6 gxf6 17. Ne4 Be7 {[#]} 18. Nd6+ $146 ({Predecessor:} 18. Rhd1 Rg8 19. g3 Rc8 20. Nd6+ Bxd6 {½-½ (28) Asrian,K (2555)-Yermolinsky,A (2660) New York 1998}) 18... Bxd6 19. Rxd6 Rg8 20. g3 Rc8 21. Rhd1 Rc7 22. Kb1 Ke7 23. R6d2 f5 24. c3 Rg4 25. Nd4 Nxd4 26. Rxd4 $11 {[%mdl 4096] Endgame KRR-KRR} Rg5 27. Rh4 Rg4 28. Rd4 Rxh4 29. Rxh4 {KR-KR} e5 30. Kc2 Kf6 31. Kd2 e4 32. Ke2 Rd7 33. f3 exf3+ 34. Kxf3 Rd3+ 35. Kg2 Rd2+ 36. Kf3 Rxb2 37. a4 Kg5 38. Rc4 Kxh5 39. Rc7 Kg6 40. a5 a6 41. c4 f6 42. Rd7 Rb3+ 43. Kf4 Rb4 44. Rc7 Ra4 45. Kf3 (45. Ke3 $17) 45... Ra3+ $19 46. Kg2 Rb3 47. Rd7 (47. Rc8 $142) 47... h5 48. Rc7 {[#]} f4 $1 {[%cal Rf4g3]} 49. gxf4 Kf5 50. Rf7 (50. Rh7 $142) 50... Rb4 (50... Kxf4 51. Rxf6+ Kg4 52. Rb6 $17) 51. Kg3 Rxc4 52. Rxb7 {[#]} h4+ $1 {[%mdl 512]} 53. Kh3 (53. Kxh4 Rxf4+) 53... Ra4 ({Less strong is} 53... Rxf4 54. Ra7 $17) ({Weaker is} 53... Kxf4 54. Rb6 $15) 54. Rb6 $2 (54. Rh7) 54... Rxa5 {Black is clearly winning.} 55. Kxh4 Ra3 56. Rc6 a5 57. Ra6 a4 58. Rc6 Rf3 59. Ra6 Rxf4+ 60. Kg3 Rb4 61. Kf2 Rb2+ 62. Kf3 Ra2 63. Ra5+ Kg6 64. Kf4 a3 {[%cal Ba4a3,Ba3a2][%mdl 32]} 65. Kg3 Ra1 66. Ra8 a2 67. Kg2 f5 {Accuracy: White = 47%, Black = 85%.} 0-1

[Event "18th Delhi GM Open 2020"]
[Site "Delhi"]
[Date "2020.01.11"]
[Round "4.19"]
[White "Gupta, Abhijeet"]
[Black "Jay Kundaliya"]
[Result "1-0"]
[WhiteElo "2603"]
[BlackElo "2066"]
[Annotator "TA"]
[PlyCount "88"]
[EventDate "2020.01.09"]
[EventType "swiss"]
[EventCountry "IND"]
[SourceTitle "playchess.com"]
[Source "ChessBase"]
[SourceQuality "1"]

{[%evp 9,88,16,22,24,16,-21,20,17,10,11,20,8,0,6,4,8,14,7,21,-7,0,-7,-19,-24,-22,-25,-15,-23,9,0,12,0,0,0,0,0,12,0,9,9,35,0,-8,-13,0,-49,-45,-22,0,-66,-69,-77,-77,-93,-96,-79,-44,-49,-47,-41,-44,-38,0,-57,786,-135,210,-1843,-1805,-29994,-1378,-29994,-29989,-29999,-29996,-29999,-29994,-29999,-29995,-29999,-1388]} 1. Nf3 Nf6 2. c4 c6 3. g3 d5 4. Bg2 dxc4 5. O-O b5 6. a4 {A11: English Opening: 1...c6} Bb7 7. d4 cxd3 8. Ne5 {Black must now prevent axb5.The position is equal.} b4 9. Nxd3 (9. Nd2 {with more complications.} e6 10. Nxd3 Be7 11. Nc4 O-O 12. Qc2) 9... e6 10. a5 $146 ({Predecessor:} 10. Nd2 Be7 11. Nb3 Nbd7 12. a5 Qc8 13. Be3 {0-1 (60) Petrosian,T (2625)-Anand,V (2803) Berlin 2015}) 10... Ba6 11. Qb3 Bxd3 12. Rd1 {[%mdl 64] [#] Pin} Be7 13. Rxd3 Qc8 14. Bg5 O-O 15. Nd2 Nbd7 16. Bxf6 gxf6 17. Rd4 Rb8 18. Nc4 c5 19. Rh4 f5 20. Rh3 Kh8 21. e4 fxe4 $1 22. Bxe4 f5 23. Bg2 Rf7 24. Qe3 Nf8 25. Rc1 {[%mdl 1024] White has compensation.} (25. Ne5 $5 {[%cal Re5f7]} Rg7 26. Rc1 $11) 25... Rg7 26. Ne5 Qc7 27. a6 Bd6 (27... Bg5 $5 28. f4 $8 Be7 $11) 28. Nc4 Be7 29. Rh5 (29. Ne5 $1 $11) 29... Bf6 $15 30. b3 Bd4 31. Qe2 Ng6 {And now ...Nf4! would win.} 32. Kh1 ({Don't blunder} 32. Qxe6 $2 {[#]} Nf4 $1 $19 {[%mdl 512]}) 32... Qf7 33. f4 Rbg8 {Threatens to win with ...Nxf4!} 34. Rf1 $1 Rd8 35. Na5 Nf8 36. Rd1 ({White should play} 36. Bb7 $11) 36... Bc3 $2 {[%mdl 8192]} (36... Qc7 $15 37. Qb5 Rb8) 37. Bb7 $2 ({White has to play} 37. Rxd8 $18 Bd4 38. Nc6) 37... Rd5 $2 {[%mdl 8192]} (37... Rxd1+ $17 {and life is bright.} 38. Qxd1 Qd7 39. Qxd7 Rxd7) 38. Qd3 $4 {[%mdl 8192]} (38. Bxd5 $18 exd5 39. Qf3) 38... Rxd3 $19 39. g4 Bf6 (39... Rxd1+ $142 40. Kg2 Rxg4+ {[%mdl 64] Double Attack} 41. Kf2 Qxh5 42. Nc4 Qxh2+ {[%mdl 64] Double Attack} 43. Ke3 Re1+ 44. Kf3 Rxf4#) 40. Nc6 Rxg4 {[%cal Rd3d1] Black mates.} 41. Nxa7 Bd4 {[%cal Rd3d1]} 42. Nb5 c4 43. bxc4 Bc5 {[%cal Rd3d1]} 44. Rg5 b3 {[%mdl 32768] Accuracy: White = 35%, Black = 43%. . Loss on time!?} (44... Rxd1# $142) 1-0

[Event "18th Delhi GM Open 2020"]
[Site "Delhi"]
[Date "2020.01.11"]
[Round "4.20"]
[White "Mahindrakar Indrajeet"]
[Black "Pantsulaia, Levan"]
[Result "0-1"]
[WhiteElo "2066"]
[BlackElo "2598"]
[Annotator "TA"]
[PlyCount "22"]
[EventDate "2020.01.09"]
[EventType "swiss"]
[EventCountry "IND"]
[SourceTitle "playchess.com"]
[Source "ChessBase"]
[SourceQuality "1"]

{[%evp 9,27,-46,36,18,59,-25,-19,-684,4,-82,36,11,0,0,440,-49,491,-716,550,-597]} 1. e4 c5 2. c3 Nf6 3. e5 Nd5 4. d4 cxd4 5. Qd2 $146 ({Predecessor:} 5. Nf3 Nc6 6. cxd4 d6 7. Bc4 Nb6 8. Bb5 Bd7 9. exd6 e6 10. Bg5 f6 11. Be3 Bxd6 12. Nc3 Nb4 13. Be2 N4d5 14. O-O O-O 15. Bd3 Rc8 16. Rc1 Be8 17. Nxd5 Nxd5 18. Rxc8 Qxc8 {0-1 (26) Potkin,V (2597)-Nepomniachtchi,I (2763) Moscow 2018}) 5... d3 (5... Nc6 $15) 6. Qxd3 {B22: Sicilian: 2 c3} Nc7 7. Qd4 (7. Nf3 $14) 7... Nc6 $11 8. Nf3 $2 {[%mdl 8192] [#]} (8. Qe3 $11) 8... d6 $2 (8... Nxd4 $19 9. cxd4 d6) 9. Qh4 (9. Qa4 $11 {remains equal.}) 9... d5 ({Better is} 9... dxe5 $17 10. Be2 Bf5) 10. Na3 Bf5 11. Be3 e6 {Played: Bf5-g4} 0-1

[Event "18th Delhi GM Open 2020"]
[Site "Delhi"]
[Date "2020.01.11"]
[Round "4.21"]
[White "Goganov, Aleksey"]
[Black "Satkar, Chirag"]
[Result "1-0"]
[WhiteElo "2583"]
[BlackElo "2066"]
[Annotator "TA"]
[PlyCount "85"]
[EventDate "2020.01.09"]
[EventType "swiss"]
[EventCountry "IND"]
[SourceTitle "playchess.com"]
[Source "ChessBase"]
[SourceQuality "1"]

{[%evp 13,85,40,46,48,47,31,68,68,90,79,121,103,124,120,136,131,108,116,156,120,88,98,147,136,137,140,183,97,165,143,153,151,162,165,154,169,164,156,181,170,259,264,331,304,387,335,320,268,275,202,189,181,197,33,179,193,198,197,238,198,191,191,195,177,249,255,216,183,5225,5073,2075,1969,29996,29997]} 1. d4 Nf6 2. c4 g6 3. Nc3 Bg7 4. e4 d6 5. h3 O-O 6. Be3 e5 7. d5 a5 8. g4 {E71: King's Indian: 4 e4 d6 5 h3} Na6 9. Nge2 Nc5 (9... Nd7 10. Qd2 Ndc5 11. Ng3 c6 12. Be2 cxd5 13. exd5 f5 14. gxf5 Bxf5 15. Nxf5 gxf5 {½-½ (50) Grandelius,N (2691)-McShane,L (2688) Eskilstuna 2019}) 10. Ng3 {White is slightly better.} Bd7 11. Be2 Ne8 12. h4 a4 13. h5 c6 14. Qd2 {[#]} cxd5 $146 ({Predecessor:} 14... Qa5 15. Kf1 Nf6 {1-0 (40) Ovetchkin,R (2529)-Belous,V (2584) Samara 2017}) 15. Nxd5 Nc7 16. h6 Bh8 17. Nb6 $36 {[%mdl 2112] Discovered Attack. White is really pushing.} Bc6 18. Nxa8 Qxa8 19. f3 N7e6 20. Kf2 ({White should play} 20. Nf5 $18 {[%cal Rf5e7]} Qd8 21. O-O-O (21. Nxd6 Bf6 $16) (21. Qxd6 gxf5 22. Bxc5 fxe4 $14)) 20... Rd8 (20... Bf6 $16 {was worth a try.} 21. Rad1 b6) 21. b4 axb3 22. axb3 {[%cal Ba2b3,Bb3b4][%mdl 32]} Qc8 23. Ra3 {And now b4 would win.} Nd4 24. b4 Nce6 25. Bd3 b6 26. Ne2 Nxe2 (26... Re8 $142 27. Rg1 Qb8) 27. Qxe2 $18 Nd4 28. Qa2 Qe6 29. Ra6 Qf6 30. Bxd4 exd4 31. Rxb6 Bd7 {intending ...Qf4.} 32. Kg2 {Hoping for Qd2.} Qf4 33. Ra6 $2 (33. Qe2 $18) 33... Be5 (33... Bxg4 $1 $14 34. Qf2 (34. fxg4 Qxg4+ 35. Kf2 Qf4+ 36. Kg2 Qg4+ 37. Kf2 Qf4+ 38. Kg2 Qg4+ $11) 34... Be5) 34. Qe2 $1 ({Don't take} 34. Qf2 $6 Bxg4 35. Raa1 Bh5 $16) 34... f5 35. exf5 gxf5 36. Rh5 {[%cal Rd3f5]} fxg4 {[#]} 37. Qe4 $1 {[%cal Re4f4] aiming for Qxf4.} Qd2+ 38. Be2 gxf3+ (38... Bf4 $142 39. fxg4 (39. Qe7 gxf3+ 40. Kxf3 Qc3+ 41. Kg2 Qg3+ 42. Kf1 Bh3+ 43. Rxh3 Qxh3+ {[%mdl 64] Double Attack} 44. Ke1 Qg3+ 45. Kf1 Qh3+ 46. Ke1 Qg3+ 47. Kf1 Qh3+ $11) 39... Re8) 39. Qxf3 {Rxe5! is the strong threat.} Rf8 40. Ra8 {[%csl Gf3][%cal Ra8f8]} ({And not} 40. Qd5+ {[#]} Kh8 $1 $11 {[%mdl 512]}) 40... Bc8 $2 {[#]} (40... Rxa8 41. Qxa8+ Kf7 42. Qf3+ Ke8) 41. Rxc8 $1 {[%mdl 576] Remove Defender, Decoy} Rxc8 42. Qg4+ {[%mdl 64] Double Attack} Kf7 43. Qd7+ {Accuracy: White = 68%, Black = 28%.} 1-0

[Event "18th Delhi GM Open 2020"]
[Site "Delhi"]
[Date "2020.01.11"]
[Round "4.22"]
[White "Mota, Pankit"]
[Black "Bogdanovich, Stanislav"]
[Result "0-1"]
[WhiteElo "2060"]
[BlackElo "2562"]
[Annotator "TA"]
[PlyCount "86"]
[EventDate "2020.01.09"]
[EventType "swiss"]
[EventCountry "IND"]
[SourceTitle "playchess.com"]
[Source "ChessBase"]
[SourceQuality "1"]

{[%evp 20,86,28,0,37,-14,0,-21,-27,-52,-41,-53,-53,-59,-50,-45,-49,-60,-61,-90,-93,-90,-97,-101,-97,-89,-96,-109,-85,-86,-78,-84,-80,-83,-77,-77,-77,-90,-85,-104,-103,-95,-75,-75,-66,-91,-107,-128,-112,-320,-316,-315,-315,-314,-315,-314,-314,-580,-548,-606,-606,-606,-600,-596,-573,-547,-519,-466,-381]} 1. e4 c6 2. c4 d5 3. exd5 Nf6 4. Nc3 cxd5 5. cxd5 Nxd5 6. Nf3 Nxc3 7. bxc3 g6 8. d4 Bg7 9. Bd3 O-O 10. O-O Qc7 11. Bd2 Nc6 {B10: Caro-Kann: 2 d3 and 2 c4} 12. h3 $146 ({White should play} 12. Rb1 $14) ({Predecessor:} 12. Re1 Rd8 13. Bg5 Bf6 14. Qd2 Bg4 15. Bxf6 exf6 16. Re3 Na5 17. h3 Be6 18. Qb2 Rac8 19. Bf1 {½-½ (45) Schlosser,P (2602)-Shyam,S (2505) Pardubice 2013}) 12... e5 $11 {[%cal Re5d4]} 13. dxe5 Nxe5 {The position is equal.} 14. Nxe5 Bxe5 15. Qf3 Be6 16. Rab1 b6 17. a4 Rad8 {Strongly threatening ...Qd7.} 18. Bh6 Bd5 ({Of course not} 18... Qxc3 $6 19. Bxf8 Kxf8 20. Rfd1 $14) 19. Be4 Bxe4 20. Qxe4 Rfe8 {And now ...Bh2+ would win.} 21. Qh4 Qxc3 22. Rfe1 Bf6 23. Rxe8+ Rxe8 24. Qg4 Bg7 25. Be3 Rd8 26. Rc1 Qd3 27. g3 h5 28. Qf4 Qd5 29. Qh4 Re8 30. Qc4 Qf5 31. Kg2 Kh7 32. Qc7 Qd5+ 33. Kh2 {[#]} h4 $1 $36 {[%mdl 2560] Threatens to win with ...Be5. White is under strong pressure.} 34. Qf4 $2 (34. Qc6 $17 {is a better defense.} Qxc6 35. Rxc6) (34. gxh4 Be5+) 34... hxg3+ 35. Qxg3 {[#]} Be5 $1 {[%cal Re5g3]} 36. Bf4 {[#]} Qd4 $1 37. Bxe5 Rxe5 $19 {[%mdl 4096] Endgame KQR-KQR} 38. Rc7 $2 (38. Rc3) 38... Rf5 {Black is clearly winning.} 39. Kg1 Qxa4 40. Rc8 Qf4 41. Qxf4 Rxf4 42. Rc7 a5 43. Rb7 Rf6 {Accuracy: White = 41%, Black = 88%.} 0-1